000 00413nam a22001697a 4500
003 OSt
008 230408b |||||||| |||| 00| 0 eng d
020 _a9788131731925
082 _a005.74 ITI
100 _aITL Education Solutions Limited
245 _aIntroduction to Database Systems
250 _aEd 1st
260 _aUP
_bPearson
_c2010
300 _a580
650 _aDecentralization
942 _2ddc
_cREF
999 _c11944
_d11944